| 000 | 00581nam a2200229Ia 4500 | ||
|---|---|---|---|
| 003 | OSt | ||
| 005 | 20230605110301.0 | ||
| 008 | 210423s2016 xx 000 0 und d | ||
| 020 | _a978-81-8387-761-9 | ||
| 024 | _cAL | ||
| 040 | _cAL | ||
| 041 | _aeng | ||
| 082 | _a362.73 SINH | ||
| 100 |
_aSINGH (Godwin Prem J) _9119526 |
||
| 245 | _aHomeless children | ||
| 260 |
_aNew Delhi _bSerial Publications _c2016 |
||
| 300 |
_axxi,321 _bHB |
||
| 365 |
_b1195 _cINR |
||
| 650 |
_aSocial Welfare Problems & Services _9119527 |
||
| 906 | _aChildren ; Homeless | ||
| 942 |
_2ddc _cBK |
||
| 999 |
_c176604 _d176604 |
||